Odpowiedź zaczyna się na STO - Statystyki

Ogólne statystyki
  • Ten quiz został rozwiązany 71 razy
  • Średni wynik to 12 z 15
Statystyki odpowiedzi
Pytanie Odpowiedź % Poprawnych
Leczy zęby Stomatolog
100%
np. dla Litwy Wilno Stolica
98%
Tworzy z drewna meble Stolarz
97%
Mały stół Stolik
95%
Narzędzie do pomiaru czasu Stoper
95%
Część ciała lub jednostka długości Stopa
93%
Nazwa kwiatu lub sklepu Stokrotka
90%
Buduje się tam lub remontuje statki Stocznia
86%
... ziemniaczana, owad Stonka
81%
Wojskowy lub naukowy Stopień
81%
... Pisarzy Polskich lub ... Umarłych Poetów Stowarzyszenie
78%
Miejsce z tanimi obiadami Stołówka
76%
Przechowuje się tam zboże Stodoła
72%
Zależność pomiędzy jakimiś rzeczami Stosunek
40%
Rodzaj trawy lub stacja metra Stokłosy
22%
Nie znaleziono quizów pasujących do podanych kryteriów
Rozkład punktacji
Procent ludzi z każdym wynikiem
Percentyl według liczby udzielonych odpowiedzi
Twoja historia wyników
Nie rozwiązałeś tego quizu